000 00943cam a2200277 a 4500
001 sjdsz9mscp b1517530
003 sjds
005 20181022211822.0
008 890719s1990 maua j d 000 0 eng
020 _a0316234710 (pbk.)
020 _a9780316234719 (pbk.)
035 _zmtg00084177
040 _csjds
041 _aspaeng
092 0 0 _aE EMB
_bTAK
100 1 _aEmberley, Rebecca.
245 1 0 _aCaminando :
_bun libro en dos lenguas = Taking a walk : a book in two languages /
_cRebecca Emberley.
246 3 _aTaking a walk : a book in two languages
260 _bLittle, Brown,
_c1990.
300 _a45 pages
_c23 cm x 25 cm
500 _aEnglish and Spanish.
520 _aLabeled illustrations and Spanish and English text introduce the things a child sees while on a walk.
650 0 _aVocabulary
_vJuvenile literature.
650 0 _aSpanish language materials
_xBilingual
_vJuvenile literature.
942 _cBK
999 _c17458
_d17458